000 01549nam a22004337a 4500
001 000097089
003 CHAP
005 20220329143226.0
008 070426d2007 mx r 00110 spa d
010 _a93555
011 _a94527
035 _a105119
040 _cCHAP
090 _aTesis
100 1 _aCortés Aguilar, Arturo.
_928326
245 1 0 _aCurvas profundidad - duración - frecuencia (PDF) de precipitación para Tabasco /
_c/por Arturo Cortés Aguilar.
260 _aChapingo, Méx. :
_bEl autor,
_c2007.
300 _a62 h. :
_bgráfs.; cuadros, planos, + anexo.
502 _aTesis (Ing en Irrigación) - - UACH. Departamento de Irrigación
590 _aALEPH
_b10
_c20130110
_lUCH01
_h1518
590 _aBATCH-UPD
_b10
_c20130110
_lUCH01
_h0414
590 _aBATCH-UPD
_b10
_c20130410
_lUCH01
_h0048
590 _aBATCH-UPD
_b10
_c20130914
_lUCH01
_h1051
590 _aBATCH-UPD
_b10
_c20140324
_lUCH01
_h1502
590 _aBATCH-UPD
_b10
_c20141002
_lUCH01
_h0833
590 _aBCCATTBE
_b10
_c20130521
_lUCH01
_h1340
590 _aCONVERSION
_b10
_c20130109
_lUCH01
_h1352
650 1 4 _aDrenaje agrícola.
_934221
650 1 4 _aDrenaje
_xTabasco.
_934213
650 1 4 _aLluvia
_xMedición.
_967325
650 1 4 _aLluvia
_zTabasco.
_967345
856 _3Finding aid
_uhttp://10.13.5.2/tesis/105119.pdf
_zTeclea aquí
901 _aBK
905 _aElisama A. H.
942 _cCD
942 _n0
949 _aTesis
_bBC
_cTES
_d33724002029991
_eTS1
_h46734
_i105119
_sb
949 _aTesis
_bBC
_cTES
_d33724002030033
_eTS2
_fc.2
_h46735
_i105119
_sb
999 _c93555
_d93555